000 00313nam a2200133Ia 4500
008 150201s2010 xx 000 0 und d
082 _a616.07
_bQ10A
100 _aM. ASHRAF
245 _aQUESTIONS AND ANSWERS IN PATHOLOGY
250 _a1ST
260 _bCBS
_aDELHI
_c2010
650 _aPATHOLOGY
942 _2ddc
_cBK
999 _c905
_d905